[Event "Lugano op"]
[Site "Lugano"]
[Date "2023.12.09"]
[Round "3"]
[White "Cocconcelli, Lorenzo"]
[Black "Gevorgyan, Grigor"]
[Result "1/2-1/2"]
[WhiteElo "2142"]
[BlackElo "1885"]
[PlyCount "41"]
[EventDate "2023.12.09"]
[EventType "swiss"]
[EventRounds "5"]
[EventCountry "SUI"]
[SourceTitle "CB51_2023"]
[SourceDate "2023.12.20"]
[SourceVersion "1"]
[SourceVersionDate "2023.12.20"]
[SourceQuality "1"]

1. d4 b6 2. Nf3 Bb7 3. c4 e6 4. Nc3 Bb4 5. Bd2 f5 6. g3 Nf6 7. Bg2 0-0 8. 0-0 Qe8 9. Nb5 Bxd2 10. Qxd2 Qc8 11. Rac1 a6 12. Nc3 Ne4 13. Nxe4 Bxe4 14. d5 c5 15. dxc6 Nxc6 16. Rfd1 Rd8 17. b4 Qc7 18. Qb2 Ne7 19. Ne1 Bxg2 20. Nxg2 Ng6 21. Qd4 1/2-1/2

[Event "Lugano op 21st"]
[Site "Lugano"]
[Date "2022.11.05"]
[Round "3"]
[White "Sala, Matteo"]
[Black "Cocconcelli, Lorenzo"]
[Result "0-1"]
[WhiteElo "2058"]
[BlackElo "2136"]
[PlyCount "90"]
[EventDate "2022.11.04"]
[EventType "swiss"]
[EventRounds "5"]
[EventCountry "SUI"]
[SourceTitle "CBM 211 Extra"]
[Source "ChessBase"]
[SourceDate "2023.01.31"]
[SourceVersion "1"]
[SourceVersionDate "2023.01.31"]
[SourceQuality "1"]

1. e4 e6 2. d4 d5 3. Nd2 Nf6 4. e5 Nfd7 5. c3 c5 6. Bd3 Nc6 7. Ne2 cxd4 8. cxd4 f6 9. exf6 Nxf6 10. Nf3 Bd6 11. 0-0 Qc7 12. Bg5 0-0 13. Bh4 Nh5 14. Rc1 g6 15. a3 Qg7 16. Bb1 Bd7 17. Ba2 Nf4 18. Bg3 g5 19. Bxf4 Bxf4 20. Rc3 Bd6 21. Bb1 Qh6 22. Ne5 Nxe5 23. dxe5 Bxe5 24. Rh3 Qf6 25. Bxh7+ Kf7 26. Bd3 Rh8 27. Rxh8 Rxh8 28. Ng3 Ke7 29. b4 Qf4 30. Re1 Ke8 31. Qe2 Bc7 32. Qe3 Bb6 33. Qxf4 gxf4 34. Nf1 Bd4 35. Re2 e5 36. Kh1 Ke7 37. f3 Kd6 38. Rc2 Re8 39. Nd2 Be3 40. h3 Ba4 41. Rb2 Rc8 42. Nb3 Bxb3 43. Rxb3 Rc1+ 44. Kh2 Bg1+ 45. Kh1 Bf2+ 0-1

[Event "Lignano Sabbiadoro op 5th"]
[Site "Lignano Sabbiadoro"]
[Date "2019.07.28"]
[Round "3"]
[White "Di Trapani, Davide"]
[Black "Cocconcelli, Lorenzo"]
[Result "1-0"]
[WhiteElo "2200"]
[BlackElo "2068"]
[PlyCount "119"]
[EventDate "2019.07.27"]
[EventType "swiss"]
[EventRounds "9"]
[EventCountry "ITA"]
[SourceTitle "CBM 191 Extra"]
[Source "ChessBase"]
[SourceDate "2019.09.30"]
[SourceVersion "1"]
[SourceVersionDate "2019.09.30"]
[SourceQuality "1"]

1. d4 d5 2. c4 c6 3. cxd5 cxd5 4. Bg5 Nc6 5. Nc3 Nf6 6. Bxf6 exf6 7. e3 Bb4 8. Rc1 Be6 9. Bd3 Qd7 10. Nge2 f5 11. 0-0 0-0 12. Nf4 Ne7 13. a3 Bd6 14. Bb5 Qd8 15. Qf3 Rc8 16. g3 Qa5 17. Nxe6 fxe6 18. Bd7 Rc7 19. Bxe6+ Kh8 20. Nxd5 Rxc1 21. Rxc1 Qd2 22. Rb1 Nc6 23. Nc3 f4 24. Qe2 fxe3 25. fxe3 Qxe2 26. Nxe2 Rf3 27. Bd5 Rxe3 28. Bxc6 bxc6 29. Kf2 Rb3 30. Rc1 Rxb2 31. Rxc6 Bf8 32. Ra6 Rb7 33. a4 Kg8 34. h4 Be7 35. Kf3 Bf6 36. Ke4 Re7+ 37. Kd3 Rd7 38. Rc6 Kf7 39. Kc4 Re7 40. Nc3 Re3 41. Nd5 Rxg3 42. Rc7+ Ke6 43. Nxf6 Kxf6 44. Rxa7 Rh3 45. Rb7 Rxh4 46. Rb1 Rh5 47. d5 Rh4+ 48. Kb5 Rd4 49. Kc6 Rxa4 50. d6 g5 51. Rd1 h5 52. d7 Ra8 53. d8Q+ Rxd8 54. Rxd8 g4 55. Kd5 Kg5 56. Ke4 Kh4 57. Kf4 Kh3 58. Rd3+ Kg2 59. Kg5 g3 60. Kh4 1-0

[Event "ITA-ch semiblitz"]
[Site "Chianciano Terme"]
[Date "2018.04.02"]
[Round "2"]
[White "Cocconcelli, Lorenzo"]
[Black "Sonis, Francesco"]
[Result "0-1"]
[WhiteElo "2103"]
[BlackElo "2445"]
[PlyCount "138"]
[EventDate "2018.04.02"]
[EventType "swiss (rapid)"]
[EventRounds "9"]
[EventCountry "ITA"]
[SourceTitle "CBM 183 Extra"]
[Source "ChessBase"]
[SourceDate "2018.04.19"]
[SourceVersion "1"]
[SourceVersionDate "2018.04.19"]
[SourceQuality "1"]

1. d4 Nf6 2. c4 e6 3. g3 d5 4. Nf3 Bb4+ 5. Bd2 Be7 6. Bg2 0-0 7. 0-0 c6 8. Qc2 b6 9. Bf4 Ba6 10. Nbd2 Nbd7 11. Rfd1 Nh5 12. Be3 Rc8 13. Qa4 Bxc4 14. Nxc4 b5 15. Qxa7 bxc4 16. b3 cxb3 17. axb3 Rc7 18. Qa4 c5 19. Rac1 Nhf6 20. dxc5 Bxc5 21. Bxc5 Rxc5 22. Nd4 Qc7 23. Rxc5 Nxc5 24. Qa3 Qb6 25. b4 Nce4 26. e3 Nd6 27. Bf1 Nd7 28. Rc1 Ne5 29. Qa4 Nec4 30. Qc6 Qxb4 31. Ra1 Qb8 32. Qd7 Rd8 33. Qe7 Re8 34. Qd7 Nb6 35. Qa7 Qxa7 36. Rxa7 Ra8 37. Rc7 Rc8 38. Ra7 g6 39. Be2 Ra8 40. Rc7 Rc8 41. Ra7 Nbc4 42. Kg2 Ne5 43. Ra6 Nb7 44. Ra7 Nc5 45. Nb5 Nc6 46. Ra3 Rb8 47. Nd6 Nb7 48. Nb5 Nbd8 49. Nd6 Kf8 50. Ra6 Rb2 51. Bb5 Ke7 52. Bxc6 Kxd6 53. Ba4+ Ke7 54. Ra7+ Rb7 55. Ra6 Rc7 56. Bd1 Nb7 57. Bf3 Nd6 58. Ra4 h5 59. e4 dxe4 60. Bxe4 Ne8 61. Bf3 Nf6 62. h4 Kf8 63. Ra6 Kg7 64. Rb6 e5 65. Rb4 Re7 66. Rc4 e4 67. Be2 e3 68. f4 Ne4 69. Ra4 Nc3 0-1

[Event "ITA-ch blitz"]
[Site "Chianciano Terme"]
[Date "2018.04.01"]
[Round "7"]
[White "Cocconcelli, Lorenzo"]
[Black "Bentivegna, Francesco"]
[Result "0-1"]
[WhiteElo "2103"]
[BlackElo "2272"]
[PlyCount "70"]
[EventDate "2018.04.01"]
[EventType "swiss (blitz)"]
[EventRounds "11"]
[EventCountry "ITA"]
[SourceTitle "CBM 183 Extra"]
[Source "ChessBase"]
[SourceDate "2018.04.19"]
[SourceVersion "1"]
[SourceVersionDate "2018.04.19"]
[SourceQuality "1"]

1. d4 d5 2. c4 e5 3. dxe5 d4 4. Nf3 Nc6 5. a3 Bg4 6. Qb3 Qd7 7. Bf4 Nge7 8. Nbd2 Ng6 9. Bg3 0-0-0 10. 0-0-0 h5 11. e3 Be7 12. h3 Be6 13. Ne4 h4 14. Bh2 Bf5 15. Bd3 dxe3 16. fxe3 Qe6 17. Bc2 Na5 18. Qb5 Qxc4 19. Nd6+ cxd6 20. Qxc4+ Nxc4 21. Bxf5+ Kb8 22. exd6 Bxd6 23. Bxd6+ Rxd6 24. Rxd6 Nxd6 25. Bc2 Re8 26. Rd1 Kc7 27. Nd4 a6 28. e4 Nxe4 29. Rf1 f6 30. Nf5 Ng3 31. Nxg3 hxg3 32. Bxg6 Re3 33. Bc2 Kd6 34. Rf4 Ke5 35. Rg4 g5 0-1

[Event "ITA-ch blitz"]
[Site "Chianciano Terme"]
[Date "2018.04.01"]
[Round "3"]
[White "Cocconcelli, Lorenzo"]
[Black "Efimov, Igor"]
[Result "0-1"]
[WhiteElo "2103"]
[BlackElo "2401"]
[PlyCount "88"]
[EventDate "2018.04.01"]
[EventType "swiss (blitz)"]
[EventRounds "11"]
[EventCountry "ITA"]
[SourceTitle "CBM 183 Extra"]
[Source "ChessBase"]
[SourceDate "2018.04.19"]
[SourceVersion "1"]
[SourceVersionDate "2018.04.19"]
[SourceQuality "1"]

1. d4 Nf6 2. c4 e6 3. g3 c5 4. Nf3 cxd4 5. Nxd4 a6 6. Bg2 Qc7 7. b3 Bb4+ 8. Bd2 Be7 9. 0-0 0-0 10. Nc3 Nc6 11. Nf3 d6 12. Rc1 Bd7 13. Qc2 Rac8 14. Rfd1 Qb8 15. Bf4 b5 16. c5 e5 17. cxd6 Bxd6 18. Bg5 Be6 19. Bxf6 gxf6 20. Qd2 Rfd8 21. Qh6 Bf8 22. Qxf6 Bg7 23. Qh4 Nd4 24. Nxd4 Rxd4 25. Ne4 h6 26. Nf6+ Kh8 27. Rxc8+ Qxc8 28. Rxd4 exd4 29. Nh5 Qc1+ 30. Bf1 Qd2 31. Qd8+ Kh7 32. Nxg7 Kxg7 33. Qd6 Qd1 34. Qe5+ Kg6 35. Qe4+ Bf5 36. Qc6+ Kg7 37. Kg2 Bh3+ 38. Kxh3 Qxf1+ 39. Kh4 Qxf2 40. Qe4 Qxh2+ 41. Kg4 Qf2 42. Qe5+ Qf6 43. Qc7 Qe6+ 44. Kf4 Qxe2 0-1

[Event "Vimercate op A"]
[Site "Vimercate"]
[Date "2017.11.26"]
[Round "5.4"]
[White "Cocconcelli, Lorenzo"]
[Black "Agnello, Francesco Claudio"]
[Result "1/2-1/2"]
[WhiteElo "2092"]
[BlackElo "2123"]
[PlyCount "54"]
[EventDate "2017.11.24"]
[EventType "swiss"]
[EventRounds "5"]
[EventCountry "ITA"]
[SourceTitle "EXT 2024"]
[Source "ChessBase"]
[SourceDate "2023.10.10"]
[SourceVersion "1"]
[SourceVersionDate "2023.10.10"]
[SourceQuality "1"]

1. d4 d5 2. c4 c6 3. Nf3 Nf6 4. e3 e6 5. Nbd2 Ne4 6. Bd3 f5 7. Ne5 g6 8. b3 Nd7 9. Nxd7 Bxd7 10. 0-0 Nxd2 11. Qxd2 Bd6 12. Bb2 0-0 13. f3 b5 14. cxb5 cxb5 15. Rac1 Qb6 16. b4 Rac8 17. Rc5 Qb8 18. f4 Kf7 19. Rfc1 g5 20. g3 g4 21. h3 h5 22. hxg4 hxg4 23. Qh2 Rh8 24. Rxc8 Qxc8 25. Rxc8 Rxh2 26. Kxh2 Bxc8 27. a3 a6 1/2-1/2

[Event "Vimercate op A"]
[Site "Vimercate"]
[Date "2017.11.24"]
[Round "1.4"]
[White "Vezzosi, Paolo"]
[Black "Cocconcelli, Lorenzo"]
[Result "1-0"]
[WhiteElo "2298"]
[BlackElo "2092"]
[PlyCount "87"]
[EventDate "2017.11.24"]
[EventType "swiss"]
[EventRounds "5"]
[EventCountry "ITA"]
[SourceTitle "EXT 2024"]
[Source "ChessBase"]
[SourceDate "2023.10.10"]
[SourceVersion "1"]
[SourceVersionDate "2023.10.10"]
[SourceQuality "1"]

1. e4 e6 2. d4 d5 3. e5 c5 4. c3 Nc6 5. Nf3 Qb6 6. a3 cxd4 7. cxd4 Nge7 8. Nc3 Nf5 9. Na4 Qd8 10. b4 Be7 11. Bb2 0-0 12. Bd3 f6 13. Rc1 fxe5 14. dxe5 Bd7 15. 0-0 Be8 16. g4 Nh6 17. b5 Na5 18. Nd4 Qd7 19. f4 Nc4 20. Rxc4 dxc4 21. Bxc4 Qc7 22. Qb3 Rc8 23. Rc1 Kh8 24. Nxe6 Qa5 25. Bc3 Rxc4 26. Qxc4 Qxb5 27. Qxb5 Bxb5 28. Nxf8 Bxf8 29. Bb4 Bxb4 30. axb4 Bxa4 31. Rc8+ Ng8 32. e6 h6 33. e7 Kh7 34. e8Q Bxe8 35. Rxe8 Nf6 36. Re7 b6 37. Rxa7 Nd5 38. f5 Kg8 39. Rb7 Nxb4 40. Rxb6 Nd5 41. Rb7 Ne3 42. h3 h5 43. g5 Nxf5 44. g6 1-0

[Event "Biella op 8th"]
[Site "Biella"]
[Date "2017.09.24"]
[Round "4"]
[White "Cocconcelli, Lorenzo"]
[Black "Podetti, Davide"]
[Result "1/2-1/2"]
[WhiteElo "2083"]
[BlackElo "2134"]
[PlyCount "40"]
[EventDate "2017.09.22"]
[EventType "swiss"]
[EventRounds "5"]
[EventCountry "ITA"]
[SourceTitle "CBM 180 Extra"]
[Source "ChessBase"]
[SourceDate "2017.10.06"]
[SourceVersion "1"]
[SourceVersionDate "2017.10.06"]
[SourceQuality "1"]

1. d4 Nf6 2. c4 e6 3. g3 d5 4. Nf3 Bb4+ 5. Bd2 Be7 6. Bg2 dxc4 7. Qa4+ Nbd7 8. Qxc4 a6 9. 0-0 0-0 10. a4 c5 11. dxc5 Nxc5 12. a5 Bd7 13. Nc3 Rc8 14. Qa2 Bd6 15. Rfd1 Qe7 16. Bg5 Bc6 17. Ne1 Bxg2 18. Nxg2 Be5 19. Rac1 h6 20. Bf4 Bxf4 1/2-1/2

[Event "Biella op 8th"]
[Site "Biella"]
[Date "2017.09.23"]
[Round "2"]
[White "Cocconcelli, Lorenzo"]
[Black "Gerola, Fausto"]
[Result "1/2-1/2"]
[WhiteElo "2083"]
[BlackElo "2179"]
[PlyCount "61"]
[EventDate "2017.09.22"]
[EventType "swiss"]
[EventRounds "5"]
[EventCountry "ITA"]
[SourceTitle "CBM 180 Extra"]
[Source "ChessBase"]
[SourceDate "2017.10.06"]
[SourceVersion "1"]
[SourceVersionDate "2017.10.06"]
[SourceQuality "1"]

1. d4 d5 2. c4 e6 3. g3 Nf6 4. Nf3 Be7 5. Bg2 0-0 6. 0-0 c6 7. Nbd2 Nbd7 8. Qc2 b6 9. e4 dxe4 10. Nxe4 Nxe4 11. Qxe4 Bb7 12. Rd1 Qc7 13. Bf4 Bd6 14. Bxd6 Qxd6 15. Rac1 Nf6 16. Qe5 Qe7 17. Ne1 Rac8 18. Nc2 Rfd8 19. Ne3 Nd7 20. Qe4 Nf6 21. Qc2 Rd7 22. Rd2 Rcd8 23. Rcd1 Kf8 24. Qa4 c5 25. Bxb7 Rxb7 26. dxc5 Rxd2 27. Rxd2 Qxc5 28. b4 Qe7 29. Qc6 Rd7 30. Qc8+ Qe8 31. Qxe8+ 1/2-1/2

[Event "Bratto op 35th"]
[Site "Bratto"]
[Date "2015.08.25"]
[Round "4"]
[White "Cocconcelli, Lorenzo"]
[Black "Ferretti, Folco"]
[Result "0-1"]
[WhiteElo "2139"]
[BlackElo "2211"]
[PlyCount "66"]
[EventDate "2015.08.22"]
[EventType "swiss"]
[EventRounds "9"]
[EventCountry "ITA"]
[SourceTitle "EXT 2016"]
[Source "ChessBase"]
[SourceDate "2015.10.08"]
[SourceVersion "1"]
[SourceVersionDate "2015.10.08"]
[SourceQuality "1"]

1. d4 Nf6 2. c4 e6 3. g3 Bb4+ 4. Bd2 Qe7 5. Bg2 Nc6 6. Nf3 Bxd2+ 7. Nbxd2 d6 8. e4 e5 9. d5 Nb8 10. 0-0 0-0 11. Ne1 a5 12. Nd3 Na6 13. f4 Nc5 14. Nxc5 dxc5 15. Re1 Ne8 16. fxe5 Qxe5 17. Qc2 f6 18. Nf3 Qh5 19. e5 fxe5 20. Rxe5 Bf5 21. Qc3 Nd6 22. Rae1 Qh6 23. Re7 Rf7 24. Rxf7 Kxf7 25. g4 Bg6 26. h4 Kg8 27. g5 Qh5 28. Re7 Bf7 29. Rxc7 Re8 30. b3 Re2 31. Qd3 Rxa2 32. Rd7 Rxg2+ 33. Kxg2 Qg4+ 0-1

[Event "ITA-ch sf"]
[Site "Porto San Giorgio"]
[Date "2015.07.16"]
[Round "7"]
[White "Zamengo, Fulvio"]
[Black "Cocconcelli, Lorenzo"]
[Result "1-0"]
[WhiteElo "2288"]
[BlackElo "2147"]
[PlyCount "95"]
[EventDate "2015.07.11"]
[EventType "swiss"]
[EventRounds "8"]
[EventCountry "ITA"]
[SourceTitle "EXT 2024"]
[Source "ChessBase"]
[SourceDate "2023.10.10"]
[SourceVersion "1"]
[SourceVersionDate "2023.10.10"]
[SourceQuality "1"]

1. e4 e6 2. d4 d5 3. Nc3 Bb4 4. e5 c5 5. a3 Bxc3+ 6. bxc3 Qa5 7. Bd2 Qa4 8. Qg4 g6 9. Nf3 Nc6 10. Be2 c4 11. Bd1 h6 12. 0-0 Nge7 13. Qh4 Bd7 14. Bg5 Nf5 15. Qh3 Rg8 16. Bd2 h5 17. Ng5 Nce7 18. f3 Qa5 19. Rf2 h4 20. g4 hxg3 21. hxg3 Qb6 22. Qg4 Rh8 23. Qf4 0-0-0 24. Nxf7 g5 25. Qg4 Nh6 26. Qxg5 Nxf7 27. Qxe7 Nxe5 28. Qb4 Qxb4 29. axb4 Nc6 30. b5 Ne7 31. Bg5 Rh7 32. Rxa7 Bxb5 33. Ra8+ Kd7 34. Rxd8+ Kxd8 35. Rh2 Rg7 36. f4 Kd7 37. Kf2 Nf5 38. g4 Nd6 39. Bf3 Ne4+ 40. Bxe4 dxe4 41. Rh4 Ba4 42. Ke3 Bxc2 43. Bf6 Rg8 44. Rh7+ Kc6 45. g5 Bd3 46. Re7 Ra8 47. Rxe6+ Kd7 48. d5 1-0

[Event "Forni di Sopra op 4th"]
[Site "Forni di Sopra"]
[Date "2013.06.15"]
[Round "1"]
[White "Cocconcelli, Lorenzo"]
[Black "Saravanan, Venkat"]
[Result "0-1"]
[WhiteElo "2041"]
[BlackElo "2371"]
[PlyCount "122"]
[EventDate "2013.06.15"]
[EventType "swiss"]
[EventRounds "9"]
[EventCountry "ITA"]
[SourceTitle "CBM 155 Extra"]
[Source "ChessBase"]
[SourceDate "2013.08.26"]
[SourceVersion "1"]
[SourceVersionDate "2013.08.26"]
[SourceQuality "1"]

1. d4 Nf6 2. c4 g6 3. Nc3 Bg7 4. e4 d6 5. Bd3 0-0 6. Nge2 e5 7. d5 a5 8. 0-0 Na6 9. a3 Bd7 10. b3 Nh5 11. Rb1 f5 12. Ng3 Nf4 13. Bc2 Nxg2 14. Kxg2 f4 15. f3 fxg3 16. hxg3 h5 17. Rh1 Bf6 18. Be3 Qe7 19. Qd2 Rf7 20. Rh2 h4 21. gxh4 Bxh4 22. Rbh1 Rh7 23. Bg5 Bxg5 24. Rxh7 Qxh7 25. Qxg5 Qg7 26. Kf2 Kf7 27. Ne2 Rh8 28. Rh4 Nc5 29. Nc3 Rxh4 30. Qxh4 g5 31. Qh5+ Ke7 32. Ne2 g4 33. Ng3 gxf3 34. Qxf3 Qg5 35. Bd1 c6 36. Ke1 Kd8 37. b4 axb4 38. axb4 Na6 39. dxc6 bxc6 40. b5 cxb5 41. cxb5 Bxb5 42. Be2 Bxe2 43. Kxe2 Nc5 44. Qa3 Qf4 45. Qe3 Qf7 46. Qf3 Qa2+ 47. Kf1 Kc7 48. Qe2 Qb3 49. Kf2 Qb1 50. Kf3 Kc6 51. Qc4 Qd1+ 52. Qe2 Qb3+ 53. Qe3 Qb1 54. Qe2 Kb6 55. Qc4 Qd1+ 56. Qe2 Qb3+ 57. Qe3 Qb1 58. Qd2 Kb5 59. Qxd6 Qb3+ 60. Kg4 Qxg3+ 61. Kf5 Qf4+ 0-1

[Event "Milan Palladino Memorial"]
[Site "Milan"]
[Date "2013.04.01"]
[Round "6"]
[White "Cazzaniga, Walter"]
[Black "Cocconcelli, Lorenzo"]
[Result "1-0"]
[WhiteElo "2139"]
[BlackElo "2012"]
[PlyCount "65"]
[EventDate "2013.03.28"]
[EventType "swiss"]
[EventRounds "7"]
[EventCountry "ITA"]
[SourceTitle "EXT 2014"]
[Source "ChessBase"]
[SourceDate "2013.11.20"]
[SourceVersion "1"]
[SourceVersionDate "2013.11.20"]
[SourceQuality "1"]

1. d4 d5 2. c4 c6 3. Nc3 Nf6 4. Nf3 e6 5. Bg5 Nbd7 6. cxd5 exd5 7. e3 Be7 8. Bd3 0-0 9. Qc2 Re8 10. 0-0-0 h6 11. Bh4 Ne4 12. Bxe7 Qxe7 13. Bxe4 dxe4 14. Nd2 f5 15. g4 Nf6 16. gxf5 Bxf5 17. f4 Rac8 18. Kb1 c5 19. Nb3 c4 20. Nc1 a6 21. Rhg1 b5 22. a3 Rb8 23. N3a2 Rec8 24. Nb4 Qd6 25. d5 Rb7 26. Nc6 Re8 27. Qg2 Rf7 28. Ka1 Qc5 29. Nd4 Bd7 30. Qg6 Kf8 31. f5 Ke7 32. Ne6 Qd6 33. Qxf7+ 1-0

[Event "Bergamo Province-ch"]
[Site "Bergamo"]
[Date "2013.01.20"]
[Round "3"]
[White "Scarabelli, Maurizio"]
[Black "Cocconcelli, Lorenzo"]
[Result "1/2-1/2"]
[WhiteElo "1801"]
[BlackElo "2031"]
[PlyCount "39"]
[EventDate "2013.01.19"]
[EventType "swiss"]
[EventRounds "6"]
[EventCountry "ITA"]
[SourceTitle "EXT 2024"]
[Source "ChessBase"]
[SourceDate "2023.10.10"]
[SourceVersion "1"]
[SourceVersionDate "2023.10.10"]
[SourceQuality "1"]

1. e4 e6 2. d4 d5 3. e5 c5 4. c3 Nc6 5. Nf3 Qb6 6. a3 c4 7. g3 Bd7 8. Bh3 Be7 9. Nbd2 Na5 10. 0-0 h5 11. Rb1 g5 12. Bg2 Nh6 13. Ne1 Nf5 14. h3 0-0-0 15. Qe2 Ba4 16. Bf3 Ng7 17. Bg2 Rdg8 18. g4 hxg4 19. hxg4 Qc7 20. Ndf3 1/2-1/2

[Event "Biella op 3rd"]
[Site "Biella"]
[Date "2012.09.30"]
[Round "4"]
[White "Davi, Alessandro"]
[Black "Cocconcelli, Lorenzo"]
[Result "1-0"]
[WhiteElo "2086"]
[BlackElo "2017"]
[PlyCount "125"]
[EventDate "2012.09.28"]
[EventType "swiss"]
[EventRounds "9"]
[EventCountry "ITA"]
[SourceTitle "EXT 2013"]
[Source "ChessBase"]
[SourceDate "2012.11.22"]
[SourceVersion "1"]
[SourceVersionDate "2012.11.22"]
[SourceQuality "1"]

1. f4 d5 2. Nf3 Nf6 3. e3 c5 4. d3 Nc6 5. Be2 Qc7 6. 0-0 e5 7. Nc3 exf4 8. e4 d4 9. Nb5 Qa5 10. a4 a6 11. Na3 Qc7 12. Ng5 h6 13. Bxf4 Bd6 14. Bxd6 Qxd6 15. Nc4 Qc7 16. Nf3 0-0 17. Nh4 Be6 18. b3 b5 19. Nd2 Ne5 20. Nf5 Bxf5 21. Rxf5 Rae8 22. Qe1 Neg4 23. Nf1 g6 24. Rf3 Kg7 25. Rh3 h5 26. Qd2 c4 27. axb5 axb5 28. bxc4 bxc4 29. Ra6 cxd3 30. cxd3 Re6 31. Ra5 Re5 32. Ra6 Re6 33. Ra5 Re5 34. Ra2 Qc5 35. Rc2 Qb6 36. Rb2 Qc5 37. Bxg4 Nxg4 38. Rf3 Qc3 39. h3 Qxd2 40. Nxd2 Nf6 41. Rb4 Rd8 42. Nb3 Re7 43. Nxd4 Red7 44. Nc6 Rc8 45. Ne5 Re7 46. Nc4 Nh7 47. Rb5 Rd8 48. Kf2 Nf8 49. Rg3 Kh7 50. Re3 Ne6 51. Rd5 Red7 52. Nb6 Rb7 53. Rxd8 Nxd8 54. Nd5 Ne6 55. Re2 Rb3 56. Ke3 f5 57. exf5 gxf5 58. Rf2 Nc5 59. Nf4 Ne4 60. Rc2 Nf6 61. Rc5 Rb7 62. Rxf5 Re7+ 63. Kf3 1-0

[Event "ITA-ch C"]
[Site "Civitanova Marche"]
[Date "2012.07.16"]
[Round "2"]
[White "Cocconcelli, Lorenzo"]
[Black "Cautiero, Pietro"]
[Result "1-0"]
[WhiteElo "1994"]
[BlackElo "1701"]
[PlyCount "33"]
[EventDate "2012.07.15"]
[EventType "swiss"]
[EventRounds "8"]
[EventCountry "ITA"]
[SourceTitle "EXT 2023"]
[Source "ChessBase"]
[SourceDate "2022.10.05"]
[SourceVersion "1"]
[SourceVersionDate "2022.10.05"]
[SourceQuality "1"]

1. d4 d5 2. c4 e6 3. Nc3 c5 4. cxd5 exd5 5. Nf3 Nc6 6. Bf4 Nf6 7. e3 c4 8. Be2 Bd6 9. Ne5 0-0 10. 0-0 Re8 11. Bg3 Bf5 12. f4 Qa5 13. a3 a6 14. Be1 Qd8 15. g4 Be4 16. g5 Bxe5 17. dxe5 1-0